|
|
|
|
| LEADER |
00000nbm0a2200000 4500 |
| 001 |
177642 |
| 005 |
20231031165647.0 |
| 035 |
|
|
|a (RuTPU)RU\TPU\book\192610
|
| 090 |
|
|
|a 177642
|
| 100 |
|
|
|a 20100323d1969 k y0rusy50 ca
|
| 101 |
0 |
|
|a rus
|
| 102 |
|
|
|a RU
|
| 105 |
|
|
|a a p 001zy
|
| 200 |
1 |
|
|a Разработка и внедрение стали Г13Х2БЛ для деталей машин, работающих в тяжелых абразивных условиях севера СССР
|e Отчет о НИР
|f Томский государственный университет (ТГУ), Сибирский физико-технический институт им. В. Д. Кузнецова (СФТИ) ; руководитель К. В. Савицкий, В. Н. Кащеев
|
| 210 |
|
|
|a Томск
|d 1969
|
| 215 |
|
|
|a 35 л.
|
| 300 |
|
|
|a Материалы удостоенные областной премии
|
| 320 |
|
|
|a Библиогр.: с. 34.
|
| 610 |
1 |
|
|a отчеты о НИР
|
| 610 |
1 |
|
|a ТГУ
|
| 610 |
1 |
|
|a сталь
|
| 610 |
1 |
|
|a детали машин
|
| 610 |
1 |
|
|a машины
|
| 610 |
1 |
|
|a северные районы
|
| 610 |
1 |
|
|a абразивные условия
|
| 610 |
1 |
|
|a аустенитные стали
|
| 675 |
|
|
|a 621.86
|v 3
|
| 702 |
|
1 |
|a Савицкий
|b К. В.
|4 673
|
| 702 |
|
1 |
|a Кащеев
|b В. Н.
|4 673
|
| 712 |
0 |
2 |
|a Томский государственный университет (ТГУ)
|b Сибирский физико-технический институт им. В. Д. Кузнецова (СФТИ)
|2 stltpush
|3 (RuTPU)RU\TPU\col\861
|4 595
|
| 801 |
|
1 |
|a RU
|b 63413507
|c 20100323
|
| 801 |
|
2 |
|a RU
|b 63413507
|c 20100323
|g RCR
|
| 942 |
|
|
|c BK
|